Tax Holiday Under Sections 10A and 10B : (Record no. 622033)

MARC details
000 -LEADER
fixed length control field 00464nam a2200169 a 4500
008 - FIXED-LENGTH DATA ELEMENTS--GENERAL INFORMATION
fixed length control field 260502s2026##################000#0#eng##
020 ## - INTERNATIONAL STANDARD BOOK NUMBER
ISBN 9788184730951
082 04 - DEWEY DECIMAL CLASSIFICATION NUMBER
Classification number 343.04
Item number PAD
100 1# - MAIN ENTRY--AUTHOR NAME
Personal name Khincha, K.K. Chythanya H. Padamchand,
245 10 - TITLE STATEMENT
Title Tax Holiday Under Sections 10A and 10B :
300 ## - PHYSICAL DESCRIPTION
Number of Pages 436 pages
942 ## - ADDED ENTRY ELEMENTS (KOHA)
Koha item type English Books
Holdings
Withdrawn status Lost status Damaged status Not for loan Home library Current library Date acquired Full call number Accession Number Price effective from Koha item type
        Anna Centenary Library Anna Centenary Library 02.05.2026 343.04 PAD 138331 02.05.2026 English Books

Find us on the map